|
|
|
|
| LEADER |
00000nam a2200000 i 4500 |
| 001 |
1/91403 |
| 008 |
080723s2003 gre d |
| 020 |
|
|
|a 960-402-119-2
|
| 035 |
|
|
|l 10099152
|
| 040 |
|
|
|a GR-MY-UA
|b gre
|e aacr
|
| 041 |
0 |
|
|a gre
|
| 082 |
0 |
|
|a 515.33
|2 (22)
|
| 100 |
1 |
|
|a Σακκαλής, Παναγιώτης.
|
| 245 |
1 |
0 |
|a Απειροστικός λογισμός και πραγματική άλγεβρα /
|c Παναγιώτης Γ. Σακκαλής
|
| 260 |
|
|
|a Αθήνα :
|b Τυπωθήτω,
|c c2003
|
| 300 |
|
|
|a 458 σ.;
|c 24 εκ.
|
| 504 |
|
|
|a Βιβλιογραφία: σ. 425. Ευρετήριο
|
| 650 |
0 |
0 |
|a Calculus.
|
| 650 |
0 |
0 |
|a Algebra.
|
| 852 |
|
|
|a INST
|b SYROS
|e 20080723
|h 515.33 ΣΑΚ
|p 005500005621
|q 005500005621
|t BK
|y 0
|
| 901 |
|
|
|a BIBL5-2008-2
|
| 909 |
|
|
|a Ε
|b 138390
|
| 922 |
|
|
|a 5ΕΛΗ
|b 200708
|c ΕΠΕΑΕΚ2/ΤΜΣΠΣ
|d Σ. ΠΑΤΑΚΗΣ
|
| 970 |
|
|
|a ΚΑΓΙΑΒΑ
|b ΕΙΡΗΝΗ
|z 2008/07/23
|